LIBRARY & INFORMATION CENTRE, KCAET, TAVANUR

ONLINE PUBLIC ACCESS CATALOGUE (OPAC)

Applied Farm Management (Record no. 15643)

MARC details
000 -LEADER
fixed length control field 00367nam a22001577a 4500
003 - CONTROL NUMBER IDENTIFIER
control field OSt
008 - FIXED-LENGTH DATA ELEMENTS--GENERAL INFORMATION
fixed length control field 190522b ||||| |||| 00| 0 eng d
020 ## - INTERNATIONAL STANDARD BOOK NUMBER
ISBN 9788126544622
082 ## - DEWEY DECIMAL CLASSIFICATION NUMBER
Classification number 631
Item number TUR/AP
100 ## - MAIN ENTRY--AUTHOR NAME
Personal name Turner, Jonathan
245 ## - TITLE STATEMENT
Title Applied Farm Management
250 ## - EDITION STATEMENT
Edition statement 2 nd ed.
260 ## - PUBLICATION, DISTRIBUTION, ETC. (IMPRINT)
Place of publication New Delhi
Name of publisher Wiley
Year of publication 2014
300 ## - PHYSICAL DESCRIPTION
Number of Pages 394 p.
942 ## - ADDED ENTRY ELEMENTS (KOHA)
Koha item type Books
Holdings
Withdrawn status Lost status Damaged status Collection code Home library Current library Shelving location Date acquired Full call number Accession Number Koha item type
      Non-fiction KAUAET KAUAET General Stacks 22/05/2019 631 TUR/AP 25885 Books
free website counter